000 01104nam a2200301 a 4500
001 BRL_1357
005 20190320211151.0
008 080114s1979----u--ao#####---#000-0#eng-#
041 _aeng
044 _au
050 4 _aGT639
_b.D54 1979
100 1 _aDieterich, Mary G.
_926627
245 1 0 _aGuatemalan costumes
_bThe Heard Museum Collection
_ctext by Mary G. Dieterich, Jon T. Erickson [and] Erin Younger ; Prepared in coordination with an exhibition by The Heard Museum, April 28,1979.
260 _aPhoenix, Arizona
_bThe Heard Museum
_c1979
300 _a95 p.
_bil.
_c28 cm.
500 _aAu1581
500 _aIncluye glosario
504 _aBibliografía: p. 94-95
650 1 4 _aIndumentaria
_vExposiciones
_zGuatemala
_926628
650 1 4 _aPrendas de vestir
_vExposiciones
_zGuatemala
_926629
650 1 4 _aTelas
_vExposiciones
_zGuatemala
_926630
650 1 4 _aTextiles
_vExposiciones
_zGuatemala
_926631
650 1 4 _aDecoración y ornamentación
_vExposiciones
_zGuatemala
_926632
700 1 _aErickson, Jon T.
_926633
700 1 _aYounger, Erin
_926634
902 _aGRL
942 _2lcc
_cB
999 _c10169
_d10169